[Event "Campeonato España Sub 16"]
[Site "Salobreña"]
[Date "2017.07.27"]
[Round "6"]
[White "Munoz Pelaez, Manuel"]
[Black "Castillo Dalmau, Albert"]
[Result "1-0"]
[Board "6"]
[WhiteClock "1:30"]
[WhiteElo "2104"]
[WhiteCountry "ESP"]
[WhiteFideId "22274723"]
[WhiteEloChange "14"]
[BlackClock "1:30"]
[BlackElo "2258"]
[BlackCountry "ESP"]
[BlackFideId "32009925"]
[BlackEloChange "-14"]

1. e4 {[%clk 1:30:00]} c6 {[%clk 1:30:00]} 2. d4 {[%clk 1:31:00]} d5 {[%clk
1:31:00]} 3. e5 {[%clk 1:31:00]} Bf5 {[%clk 1:31:00]} 4. h4 {[%clk 1:31:00]} h5
{[%clk 1:31:00]} 5. Bd3 {[%clk 1:31:00]} Bxd3 {[%clk 1:31:00]} 6. Qxd3 {[%clk
1:31:00]} e6 {[%clk 1:31:00]} 7. Bg5 {[%clk 1:31:00]} Qb6 {[%clk 1:27:00]} 8. Nd2
{[%clk 1:31:00]} Ne7 {[%clk 1:27:00]} 9. Ngf3 {[%clk 1:30:00]} Qa6 {[%clk
1:25:00]} 10. c4 {[%clk 1:29:00]} Nd7 {[%clk 1:25:00]} 11. b3 {[%clk 1:26:00]} f6
{[%clk 1:00:00]} 12. Bf4 {[%clk 1:22:00]} Nf5 {[%clk 0:55:00]} 13. O-O {[%clk
1:16:00]} Kf7 {[%clk 0:44:00]} 14. Rfe1 {[%clk 1:12:00]} Re8 {[%clk 0:42:00]} 15.
Qc2 {[%clk 0:55:00]} Bb4 {[%clk 0:33:00]} 16. Re2 {[%clk 0:48:00]} Qb6 {[%clk
0:19:34]} 17. c5 {[%clk 0:45:00]} Qd8 {[%clk 0:16:56]} 18. Nf1 {[%clk 0:45:00]}
Ba5 {[%clk 0:14:38]} 19. exf6 {[%clk 0:43:00]} gxf6 {[%clk 0:14:58]} 20. Ng3
{[%clk 0:42:00]} Nxg3 {[%clk 0:15:11]} 21. fxg3 {[%clk 0:40:00]} Bc7 {[%clk
0:11:11]} 22. Rf1 {[%clk 0:38:00]} Bxf4 {[%clk 0:11:09]} 23. gxf4 {[%clk
0:38:00]} Qc7 {[%clk 0:07:18]} 24. g3 {[%clk 0:32:00]} Re7 {[%clk 0:05:37]} 25.
Rfe1 {[%clk 0:32:00]} Nf8 {[%clk 0:05:19]} 26. Kh2 {[%clk 0:31:00]} Rg8 {[%clk
0:05:43]} 27. Qd2 {[%clk 0:29:00]} Ke8 {[%clk 0:05:33]} 28. b4 {[%clk 0:27:00]}
Reg7 {[%clk 0:03:58]} 29. Rg1 {[%clk 0:26:00]} Kd7 {[%clk 0:04:02]} 30. Qe3
{[%clk 0:24:00]} Kc8 {[%clk 0:03:55]} 31. a4 {[%clk 0:23:00]} Re7 {[%clk
0:02:40]} 32. Ne1 {[%clk 0:19:21]} Nd7 {[%clk 0:02:35]} 33. Nd3 {[%clk 0:19:22]}
Rge8 {[%clk 0:02:38]} 34. Rge1 {[%clk 0:18:54]} f5 {[%clk 0:02:15]} 35. Qf3
{[%clk 0:17:53]} Nf6 {[%clk 0:02:31]} 36. Nf2 {[%clk 0:13:18]} Kd7 {[%clk
0:02:08]} 37. Re3 {[%clk 0:12:56]} Ng4+ {[%clk 0:01:47]} 38. Nxg4 {[%clk
0:13:17]} hxg4 {[%clk 0:02:09]} 39. Qe2 {[%clk 0:13:29]} Qc8 {[%clk 0:01:00]} 40.
b5 {[%clk 0:13:14]} Kc7 {[%clk 0:00:54]} 41. Rb3 {[%clk 0:13:28]} Kb8 {[%clk
0:00:55]} 42. Reb1 {[%clk 0:13:16]} Ka8 {[%clk 0:00:56]} 43. Qe5 {[%clk 0:10:25]}
Rh7 {[%clk 0:00:48]} 44. Qd6 {[%clk 0:09:56]} Rd7 {[%clk 0:00:47]} 45. bxc6
{[%clk 0:07:35]} Qxc6 {[%clk 0:00:32]} 46. Qxc6 {[%clk 0:07:48]} bxc6 {[%clk
0:01:01]} 47. a5 {[%clk 0:08:02]} Rc7 {[%clk 0:00:46]} 48. a6 {[%clk 0:08:18]}
Rh7 {[%clk 0:00:51]} 49. Rb7 {[%clk 0:07:54]} Reh8 {[%clk 0:01:15]} 50. Kg2
{[%clk 0:08:00]} Rh6 {[%clk 0:01:19]} 51. Kf2 {[%clk 0:07:40]} Rf6 {[%clk
0:01:40]} 52. Ke3 {[%clk 0:07:46]} Rfh6 {[%clk 0:01:59]} 53. Kd3 {[%clk 0:07:23]}
R6h7 {[%clk 0:02:25]} 54. Kc3 {[%clk 0:07:34]} Rh6 {[%clk 0:02:52]} 55. Rg7
{[%clk 0:05:32]} Rb8 {[%clk 0:02:58]} 56. Rbb7 {[%clk 0:05:44]} Rxb7 {[%clk
0:03:24]} 57. axb7+ {[%clk 0:06:06]} Kb8 {[%clk 0:03:51]} 58. Kb4 {[%clk
0:06:28]} a6 {[%clk 0:03:57]} 59. Ka5 {[%clk 0:06:35]} Ka7 {[%clk 0:04:25]} 60.
b8Q+ {[%clk 0:06:19]} Kxb8 {[%clk 0:04:53]} 61. Kxa6 {[%clk 0:06:38]} Rh8 {[%clk
0:04:55]} 62. Kb6 {[%clk 0:06:51]} Rc8 {[%clk 0:04:17]} 63. h5 {[%clk 0:06:44]}
e5 {[%clk 0:03:58]} 64. h6 {[%clk 0:06:24]} exd4 {[%clk 0:04:11]} 65. h7 {[%clk
0:06:45]} d3 {[%clk 0:04:31]} 66. Rg8 {[%clk 0:07:10]} d2 {[%clk 0:04:54]} 67.
h8Q {[%clk 0:07:10]} 1-0

[Event "Campeonato España Sub 16"]
[Site "Salobreña"]
[Date "2017.07.27"]
[Round "6"]
[White "Sama Salinas, Hector"]
[Black "Ortin Blanco, Inigo"]
[Result "1/2-1/2"]
[Board "7"]
[WhiteClock "1:30"]
[WhiteElo "2205"]
[WhiteCountry "ESP"]
[WhiteFideId "32086857"]
[WhiteEloChange "-3"]
[BlackClock "1:30"]
[BlackElo "2090"]
[BlackCountry "ESP"]
[BlackFideId "32010125"]
[BlackEloChange "3"]

1. e4 {[%clk 1:30:00]} c5 {[%clk 1:30:00]} 2. Nc3 {[%clk 1:31:00]} Nc6 {[%clk
1:30:00]} 3. a3 {[%clk 1:31:00]} d6 {[%clk 1:22:00]} 4. Bc4 {[%clk 1:31:00]} Nf6
{[%clk 1:21:00]} 5. d3 {[%clk 1:29:00]} e6 {[%clk 1:20:00]} 6. Ba2 {[%clk
1:29:00]} a6 {[%clk 1:07:00]} 7. Nf3 {[%clk 1:29:00]} Be7 {[%clk 1:06:00]} 8. O-O
{[%clk 1:29:00]} O-O {[%clk 1:05:00]} 9. Re1 {[%clk 1:27:00]} b6 {[%clk 1:01:00]}
10. Ne2 {[%clk 1:26:00]} Qc7 {[%clk 0:59:00]} 11. Ng3 {[%clk 1:26:00]} Bb7 {[%clk
0:49:00]} 12. c3 {[%clk 1:24:00]} Ne5 {[%clk 0:48:00]} 13. Qe2 {[%clk 1:21:00]}
a5 {[%clk 0:46:00]} 14. Nxe5 {[%clk 1:19:00]} dxe5 {[%clk 0:47:00]} 15. Bc4
{[%clk 1:19:00]} Qd7 {[%clk 0:42:00]} 16. a4 {[%clk 1:18:00]} Bc6 {[%clk
0:42:00]} 17. b3 {[%clk 1:15:00]} b5 {[%clk 0:42:00]} 18. axb5 {[%clk 1:15:00]}
Bxb5 {[%clk 0:42:00]} 19. Be3 {[%clk 1:13:00]} Bxc4 {[%clk 0:40:00]} 20. dxc4
{[%clk 1:08:00]} Qb7 {[%clk 0:33:00]} 21. Qc2 {[%clk 1:08:00]} Rfb8 {[%clk
0:33:00]} 22. Ra3 {[%clk 1:07:00]} Ra6 {[%clk 0:31:00]} 23. Rea1 {[%clk 1:03:00]}
h6 {[%clk 0:30:00]} 24. h3 {[%clk 1:02:00]} Bd6 {[%clk 0:20:00]} 25. f3 {[%clk
0:55:00]} Kf8 {[%clk 0:20:00]} 26. Nf1 {[%clk 0:54:00]} Qc7 {[%clk 0:19:18]} 27.
Nd2 {[%clk 0:52:00]} Ng8 {[%clk 0:18:58]} 28. Qa2 {[%clk 0:51:00]} Rba8 {[%clk
0:18:54]} 29. Ra4 {[%clk 0:49:00]} Ne7 {[%clk 0:13:23]} 30. Nb1 {[%clk 0:49:00]}
Nc6 {[%clk 0:12:03]} 31. Na3 {[%clk 0:48:00]} Be7 {[%clk 0:09:57]} 32. Nb5 {[%clk
0:43:00]} Qb7 {[%clk 0:09:32]} 33. Qf2 {[%clk 0:28:00]} Qb6 {[%clk 0:09:33]} 34.
f4 {[%clk 0:26:00]} exf4 {[%clk 0:08:23]} 35. Qxf4 {[%clk 0:22:00]} e5 {[%clk
0:06:23]} 36. Qf5 {[%clk 0:20:00]} Kg8 {[%clk 0:05:47]} 37. Rd1 {[%clk 0:17:45]}
Na7 {[%clk 0:02:41]} 38. Rd7 {[%clk 0:10:42]} Nxb5 {[%clk 0:03:03]} 39. cxb5
{[%clk 0:09:40]} R6a7 {[%clk 0:03:25]} 40. Rxa7 {[%clk 0:09:22]} Rxa7 {[%clk
0:03:47]} 41. Qc8+ {[%clk 0:07:39]} Kh7 {[%clk 0:03:41]} 42. Qc6 {[%clk 0:06:21]}
Qxc6 {[%clk 0:03:56]} 43. bxc6 {[%clk 0:06:48]} Ra6 {[%clk 0:03:56]} 1/2-1/2

[Event "Campeonato España Sub 16"]
[Site "Salobreña"]
[Date "2017.07.27"]
[Round "6"]
[White "Ledesma Claros, Daniel"]
[Black "Callejas Rojas, Francisco Miguel"]
[Result "0-1"]
[Board "8"]
[WhiteClock "1:30"]
[WhiteElo "1940"]
[WhiteCountry "ESP"]
[WhiteFideId "24521558"]
[WhiteEloChange "-4"]
[BlackClock "1:30"]
[BlackElo "2164"]
[BlackCountry "ESP"]
[BlackFideId "32072503"]
[BlackEloChange "4"]

1. d4 {[%clk 1:30:00]} e6 {[%clk 1:30:00]} 2. Bf4 {[%clk 1:31:00]} Nf6 {[%clk
1:31:00]} 3. Nc3 {[%clk 1:31:00]} d5 {[%clk 1:27:00]} 4. a3 {[%clk 1:31:00]} a6
{[%clk 1:24:00]} 5. e3 {[%clk 1:28:00]} c5 {[%clk 1:20:00]} 6. dxc5 {[%clk
1:27:00]} Bxc5 {[%clk 1:20:00]} 7. Nf3 {[%clk 1:27:00]} b5 {[%clk 1:12:00]} 8.
Bd3 {[%clk 1:27:00]} Bb7 {[%clk 1:12:00]} 9. Qe2 {[%clk 1:22:00]} O-O {[%clk
1:07:00]} 10. O-O {[%clk 1:22:00]} Nbd7 {[%clk 0:59:00]} 11. e4 {[%clk 1:16:00]}
dxe4 {[%clk 0:46:00]} 12. Bxe4 {[%clk 1:16:00]} Nxe4 {[%clk 0:45:00]} 13. Nxe4
{[%clk 1:16:00]} Bxe4 {[%clk 0:39:00]} 14. Qxe4 {[%clk 1:17:00]} Nf6 {[%clk
0:39:00]} 15. Qe5 {[%clk 1:15:00]} Nd5 {[%clk 0:32:00]} 16. Rad1 {[%clk 1:14:00]}
Be7 {[%clk 0:26:00]} 17. Bg5 {[%clk 0:53:00]} Re8 {[%clk 0:24:00]} 18. Bxe7
{[%clk 0:53:00]} Qxe7 {[%clk 0:24:00]} 19. Nd4 {[%clk 0:44:00]} Qf6 {[%clk
0:19:54]} 20. Qxf6 {[%clk 0:43:00]} Nxf6 {[%clk 0:19:51]} 21. c3 {[%clk 0:39:00]}
Rec8 {[%clk 0:15:57]} 22. Nc2 {[%clk 0:35:00]} Kf8 {[%clk 0:11:11]} 23. Ne3
{[%clk 0:36:00]} Ke7 {[%clk 0:09:51]} 24. f3 {[%clk 0:36:00]} Nd7 {[%clk
0:08:05]} 25. Rfe1 {[%clk 0:36:00]} Nb6 {[%clk 0:07:21]} 26. Rd4 {[%clk 0:32:00]}
Rd8 {[%clk 0:06:39]} 27. Red1 {[%clk 0:27:00]} Rxd4 {[%clk 0:06:05]} 28. Rxd4
{[%clk 0:28:00]} Na4 {[%clk 0:05:18]} 29. Rb4 {[%clk 0:27:00]} Rd8 {[%clk
0:00:58]} 30. c4 {[%clk 0:26:00]} Rd3 {[%clk 0:00:37]} 31. cxb5 {[%clk 0:24:00]}
axb5 {[%clk 0:00:56]} 32. Nf1 {[%clk 0:24:00]} Rd5 {[%clk 0:01:00]} 33. Kf2
{[%clk 0:24:00]} Nc5 {[%clk 0:00:58]} 34. Ke3 {[%clk 0:21:00]} Na6 {[%clk
0:00:36]} 35. Rd4 {[%clk 0:21:00]} Rc5 {[%clk 0:00:40]} 36. b4 {[%clk 0:21:00]}
Rc1 {[%clk 0:00:59]} 37. Nd2 {[%clk 0:19:19]} Nc7 {[%clk 0:01:28]} 38. g3 {[%clk
0:12:21]} Nd5+ {[%clk 0:01:38]} 39. Kf2 {[%clk 0:11:15]} Rc3 {[%clk 0:01:42]} 40.
Nb1 {[%clk 0:10:52]} Rb3 {[%clk 0:02:00]} 41. Rd1 {[%clk 0:10:45]} Rb2+ {[%clk
0:01:00]} 42. Kg1 {[%clk 0:10:08]} Ne3 {[%clk 0:00:48]} 43. Rc1 {[%clk 0:09:25]}
Rg2+ {[%clk 0:00:37]} 44. Kh1 {[%clk 0:09:50]} Rc2 {[%clk 0:00:36]} 45. Rxc2
{[%clk 0:09:24]} Nxc2 {[%clk 0:00:36]} 46. Kg2 {[%clk 0:08:53]} Kd6 {[%clk
0:01:02]} 47. Nc3 {[%clk 0:08:11]} Nxa3 {[%clk 0:01:25]} 48. f4 {[%clk 0:07:23]}
Kc6 {[%clk 0:01:27]} 49. Kf3 {[%clk 0:04:23]} Nc2 {[%clk 0:01:53]} 50. Ke4 {[%clk
0:03:37]} Nxb4 {[%clk 0:01:50]} 51. f5 {[%clk 0:03:55]} Nd5 {[%clk 0:01:28]} 52.
Ne2 {[%clk 0:03:07]} exf5+ {[%clk 0:01:24]} 53. Kxf5 {[%clk 0:03:32]} b4 {[%clk
0:01:17]} 54. Nc1 {[%clk 0:02:20]} Kc5 {[%clk 0:01:29]} 55. Ke5 {[%clk 0:02:40]}
Ne3 {[%clk 0:00:55]} 56. h4 {[%clk 0:02:12]} Kc4 {[%clk 0:01:08]} 57. h5 {[%clk
0:01:53]} h6 {[%clk 0:01:00]} 58. Ke4 {[%clk 0:00:59]} Nd1 {[%clk 0:00:53]} 59.
g4 {[%clk 0:00:40]} Nf2+ {[%clk 0:01:02]} 60. Ke3 {[%clk 0:00:35]} Nxg4+ {[%clk
0:01:02]} 0-1

[Event "Campeonato España Sub 16"]
[Site "Salobreña"]
[Date "2017.07.27"]
[Round "6"]
[White "Roldan Marques, Daniel"]
[Black "Cubas Cabrera, Angel Luis"]
[Result "1/2-1/2"]
[Board "9"]
[WhiteClock "1:30"]
[WhiteTitle "FM"]
[WhiteElo "2300"]
[WhiteCountry "ESP"]
[WhiteFideId "32063318"]
[WhiteEloChange "-7"]
[BlackClock "1:30"]
[BlackElo "2029"]
[BlackCountry "ESP"]
[BlackFideId "32046561"]
[BlackEloChange "7"]

1. d4 {[%clk 1:30:00]} d5 {[%clk 1:30:00]} 2. c4 {[%clk 1:31:00]} e6 {[%clk
1:31:00]} 3. Nf3 {[%clk 1:31:00]} Nf6 {[%clk 1:31:00]} 4. Nc3 {[%clk 1:31:00]}
Be7 {[%clk 1:32:00]} 5. g3 {[%clk 1:29:00]} c6 {[%clk 1:24:00]} 6. Qd3 {[%clk
1:28:00]} O-O {[%clk 1:19:00]} 7. Bg2 {[%clk 1:26:00]} b6 {[%clk 1:12:00]} 8.
cxd5 {[%clk 1:21:00]} cxd5 {[%clk 1:11:00]} 9. O-O {[%clk 1:21:00]} Bb7 {[%clk
1:06:00]} 10. Ne5 {[%clk 1:12:00]} Nc6 {[%clk 1:03:00]} 11. Nxc6 {[%clk 1:07:00]}
Bxc6 {[%clk 1:03:00]} 12. Bd2 {[%clk 1:07:00]} Qd7 {[%clk 1:00:00]} 13. Rfc1
{[%clk 1:03:00]} Rfc8 {[%clk 0:57:00]} 14. Rc2 {[%clk 0:58:00]} Ne8 {[%clk
0:53:00]} 15. Bf4 {[%clk 0:50:00]} Nd6 {[%clk 0:49:00]} 16. Bxd6 {[%clk 0:47:00]}
Bxd6 {[%clk 0:50:00]} 17. Rac1 {[%clk 0:47:00]} Be7 {[%clk 0:45:00]} 18. e3
{[%clk 0:37:00]} g6 {[%clk 0:45:00]} 19. Bf1 {[%clk 0:37:00]} a6 {[%clk 0:40:00]}
20. a3 {[%clk 0:36:00]} Bb7 {[%clk 0:39:00]} 21. Qd2 {[%clk 0:32:00]} Kg7 {[%clk
0:36:00]} 22. Re1 {[%clk 0:28:00]} Bf6 {[%clk 0:35:00]} 23. Rcc1 {[%clk 0:26:00]}
Kg8 {[%clk 0:33:00]} 24. Qd1 {[%clk 0:23:00]} Bd8 {[%clk 0:25:00]} 25. Qb3 {[%clk
0:23:00]} Rc6 {[%clk 0:23:00]} 26. Rc2 {[%clk 0:23:00]} Rac8 {[%clk 0:22:00]} 27.
Rec1 {[%clk 0:23:00]} Kg7 {[%clk 0:21:00]} 28. Qa4 {[%clk 0:17:58]} R6c7 {[%clk
0:17:30]} 29. Qb3 {[%clk 0:16:16]} Rc6 {[%clk 0:17:55]} 30. Bd3 {[%clk 0:14:38]}
Kg8 {[%clk 0:16:11]} 31. Na2 {[%clk 0:12:40]} Rxc2 {[%clk 0:16:08]} 32. Rxc2
{[%clk 0:13:06]} Rxc2 {[%clk 0:16:12]} 33. Qxc2 {[%clk 0:13:34]} a5 {[%clk
0:13:33]} 34. Nc3 {[%clk 0:12:38]} Bc6 {[%clk 0:12:17]} 35. Qb3 {[%clk 0:12:36]}
Kg7 {[%clk 0:12:26]} 36. Bb5 {[%clk 0:11:54]} Bxb5 {[%clk 0:12:36]} 37. Qxb5
{[%clk 0:11:11]} Qxb5 {[%clk 0:12:52]} 38. Nxb5 {[%clk 0:11:40]} Kf8 {[%clk
0:12:50]} 39. Kf1 {[%clk 0:11:39]} Ke7 {[%clk 0:13:15]} 40. Ke2 {[%clk 0:11:59]}
Kd7 {[%clk 0:13:41]} 41. Kd3 {[%clk 0:12:07]} Kc6 {[%clk 0:14:07]} 42. a4 {[%clk
0:12:25]} Be7 {[%clk 0:13:12]} 43. h3 {[%clk 0:12:30]} h5 {[%clk 0:13:04]} 44. g4
{[%clk 0:11:35]} hxg4 {[%clk 0:13:32]} 45. hxg4 {[%clk 0:11:59]} Bh4 {[%clk
0:13:20]} 46. f4 {[%clk 0:11:59]} 1/2-1/2

[Event "Campeonato España Sub 16"]
[Site "Salobreña"]
[Date "2017.07.27"]
[Round "6"]
[White "Redondo Benavente, Ana"]
[Black "Gomez Sanjuan, Hector Fernando"]
[Result "0-1"]
[Board "10"]
[WhiteClock "1:30"]
[WhiteTitle "WFM"]
[WhiteElo "2026"]
[WhiteCountry "ESP"]
[WhiteFideId "32021674"]
[WhiteEloChange "-6"]
[BlackClock "1:30"]
[BlackElo "2189"]
[BlackCountry "ESP"]
[BlackFideId "22274960"]
[BlackEloChange "6"]

1. c4 {[%clk 1:30:00]} Nf6 {[%clk 1:29:00]} 2. g3 {[%clk 1:31:00]} c5 {[%clk
1:27:00]} 3. Bg2 {[%clk 1:30:00]} Nc6 {[%clk 1:28:00]} 4. Nc3 {[%clk 1:30:00]} g6
{[%clk 1:27:00]} 5. d3 {[%clk 1:30:00]} Bg7 {[%clk 1:26:00]} 6. e4 {[%clk
1:30:00]} d6 {[%clk 1:26:00]} 7. Nge2 {[%clk 1:29:00]} Rb8 {[%clk 1:24:00]} 8.
O-O {[%clk 1:22:00]} Bd7 {[%clk 1:22:00]} 9. Rb1 {[%clk 1:06:00]} a6 {[%clk
1:21:00]} 10. b3 {[%clk 1:04:00]} O-O {[%clk 1:20:00]} 11. Bb2 {[%clk 1:03:00]}
e5 {[%clk 1:05:00]} 12. Bc1 {[%clk 0:58:00]} b5 {[%clk 1:04:00]} 13. Bg5 {[%clk
0:54:00]} h6 {[%clk 1:01:00]} 14. Bd2 {[%clk 0:45:00]} Kh7 {[%clk 0:58:00]} 15.
h3 {[%clk 0:42:00]} Ng8 {[%clk 0:57:00]} 16. f4 {[%clk 0:40:00]} Nce7 {[%clk
0:45:00]} 17. f5 {[%clk 0:31:00]} Nf6 {[%clk 0:37:00]} 18. g4 {[%clk 0:30:00]} b4
{[%clk 0:27:00]} 19. Nd5 {[%clk 0:28:00]} Nexd5 {[%clk 0:27:00]} 20. cxd5 {[%clk
0:25:00]} g5 {[%clk 0:27:00]} 21. Qe1 {[%clk 0:24:00]} Ne8 {[%clk 0:25:00]} 22.
Ng3 {[%clk 0:20:00]} f6 {[%clk 0:23:00]} 23. Nh5 {[%clk 0:19:42]} Nc7 {[%clk
0:21:00]} 24. h4 {[%clk 0:18:14]} Be8 {[%clk 0:19:43]} 25. hxg5 {[%clk 0:16:57]}
hxg5 {[%clk 0:19:27]} 26. Rf3 {[%clk 0:16:24]} Kg8 {[%clk 0:13:45]} 27. Rh3
{[%clk 0:14:14]} Bb5 {[%clk 0:12:31]} 28. Qg3 {[%clk 0:13:42]} Kf7 {[%clk
0:12:24]} 29. Kf2 {[%clk 0:13:43]} Rh8 {[%clk 0:11:57]} 30. Rbh1 {[%clk 0:12:52]}
Qe7 {[%clk 0:09:24]} 31. Nxg7 {[%clk 0:06:57]} Kxg7 {[%clk 0:07:24]} 32. Qh2
{[%clk 0:06:54]} Rxh3 {[%clk 0:07:34]} 33. Qxh3 {[%clk 0:07:18]} Rg8 {[%clk
0:07:36]} 34. Qh6+ {[%clk 0:03:47]} Kf7 {[%clk 0:07:52]} 35. Qh5+ {[%clk
0:04:10]} Kf8 {[%clk 0:07:49]} 36. Bf1 {[%clk 0:03:11]} a5 {[%clk 0:07:18]} 37.
Qh7 {[%clk 0:02:24]} Qg7 {[%clk 0:06:41]} 38. Be2 {[%clk 0:01:01]} Ba6 {[%clk
0:05:48]} 39. a4 {[%clk 0:00:40]} bxa3 {[%clk 0:05:39]} 40. Bxa5 {[%clk 0:01:06]}
Qxh7 {[%clk 0:05:29]} 41. Rxh7 {[%clk 0:01:35]} Nb5 {[%clk 0:05:43]} 42. Rh1
{[%clk 0:01:38]} Nd4 {[%clk 0:05:36]} 43. Ra1 {[%clk 0:00:47]} Rh8 {[%clk
0:05:29]} 44. Bf1 {[%clk 0:01:02]} Rh2+ {[%clk 0:02:51]} 45. Bg2 {[%clk 0:01:28]}
Bxd3 {[%clk 0:02:03]} 46. Kg3 {[%clk 0:01:32]} Nc2 {[%clk 0:01:54]} 47. Rc1
{[%clk 0:00:47]} Rh7 {[%clk 0:01:59]} 48. Bc3 {[%clk 0:00:47]} Rb7 {[%clk
0:02:10]} 49. Rd1 {[%clk 0:00:44]} Rxb3 {[%clk 0:01:37]} 50. Rxd3 {[%clk
0:00:48]} Rxc3 {[%clk 0:00:59]} 51. Rxc3 {[%clk 0:01:15]} a2 {[%clk 0:01:22]} 52.
Rxc2 {[%clk 0:01:36]} a1Q {[%clk 0:01:46]} 53. Bf3 {[%clk 0:01:46]} Qe1+ {[%clk
0:02:07]} 54. Kg2 {[%clk 0:01:48]} Qb1 {[%clk 0:02:22]} 55. Rd2 {[%clk 0:01:42]}
c4 {[%clk 0:02:45]} 56. Rd1 {[%clk 0:01:03]} Qb2+ {[%clk 0:02:51]} 57. Kg3 {[%clk
0:01:28]} c3 {[%clk 0:03:11]} 58. Rh1 {[%clk 0:00:51]} c2 {[%clk 0:03:11]} 0-1

[Event "Campeonato España Sub 16"]
[Site "Salobreña"]
[Date "2017.07.27"]
[Round "6"]
[White "Masague Artero, Guerau"]
[Black "Martinez Fernandez, Adrian"]
[Result "1-0"]
[Board "11"]
[WhiteClock "n/a"]
[WhiteElo "1965"]
[WhiteCountry "ESP"]
[WhiteFideId "32098952"]
[WhiteEloChange "14"]
[BlackClock "n/a"]
[BlackElo "2111"]
[BlackCountry "ESP"]
[BlackFideId "32049048"]
[BlackEloChange "-14"]

1. d4 {[%clk 1:30:30]} Nf6 {[%clk 1:30:30]} 2. c4 {[%clk 1:30:30]} c5 {[%clk
1:30:30]} 3. d5 {[%clk 1:30:30]} b5 {[%clk 1:30:30]} 4. cxb5 {[%clk 1:30:30]} a6
{[%clk 1:30:30]} 5. bxa6 {[%clk 1:30:30]} g6 {[%clk 1:30:30]} 6. Nc3 {[%clk
1:30:30]} Bg7 {[%clk 1:30:30]} 7. e4 {[%clk 1:30:30]} O-O {[%clk 1:30:30]} 8. a7
{[%clk 1:30:30]} Rxa7 {[%clk 1:30:30]} 9. Bd3 {[%clk 1:30:30]} e6 {[%clk
1:30:30]} 10. Nge2 {[%clk 1:30:30]} exd5 {[%clk 1:30:30]} 11. exd5 {[%clk
1:30:30]} d6 {[%clk 1:30:30]} 12. O-O {[%clk 1:30:30]} Na6 {[%clk 1:30:30]} 13.
Nb5 {[%clk 1:30:30]} Rd7 {[%clk 1:30:30]} 14. Nec3 {[%clk 1:30:30]} Bb7 {[%clk
1:30:30]} 15. Bc4 {[%clk 1:30:30]} Re8 {[%clk 1:30:30]} 16. Bg5 {[%clk 1:30:30]}
Re5 {[%clk 1:30:30]} 17. Qd2 {[%clk 1:30:30]} Qf8 {[%clk 1:30:30]} 18. Rfe1
{[%clk 1:30:30]} Nb4 {[%clk 1:30:30]} 19. Bxf6 {[%clk 1:30:30]} Bxf6 {[%clk
1:30:30]} 20. a3 {[%clk 1:30:30]} Na6 {[%clk 1:30:30]} 21. Rxe5 {[%clk 1:30:30]}
Bxe5 {[%clk 1:30:30]} 22. Re1 {[%clk 1:30:30]} Nc7 {[%clk 1:30:30]} 23. Nxc7
{[%clk 1:30:30]} Rxc7 {[%clk 1:30:30]} 24. Nb5 {[%clk 1:30:30]} Re7 {[%clk
1:30:30]} 25. g3 {[%clk 1:30:30]} f5 {[%clk 1:30:30]} 26. f4 {[%clk 1:30:30]} Bf6
{[%clk 1:30:30]} 27. Re6 {[%clk 1:30:30]} Rxe6 {[%clk 1:30:30]} 28. dxe6 {[%clk
1:30:30]} Be7 {[%clk 1:30:30]} 29. Bd5 {[%clk 1:30:30]} Qb8 {[%clk 1:30:30]} 30.
a4 {[%clk 1:30:30]} Ba6 {[%clk 1:30:30]} 31. Qa5 {[%clk 1:30:30]} Bxb5 {[%clk
1:30:30]} 32. Qxb5 {[%clk 1:30:30]} Qf8 {[%clk 1:30:30]} 33. a5 {[%clk 1:30:30]}
Kg7 {[%clk 1:30:30]} 34. Kg2 {[%clk 1:30:30]} g5 {[%clk 1:30:30]} 35. Qd3 {[%clk
1:30:30]} gxf4 {[%clk 1:30:30]} 36. gxf4 {[%clk 1:30:30]} Qb8 {[%clk 1:30:30]}
37. Qb3 {[%clk 1:30:30]} Qc8 {[%clk 1:30:30]} 38. Qb7 {[%clk 1:30:30]} Qf8 {[%clk
1:30:30]} 39. a6 {[%clk 1:30:30]} Kh6 {[%clk 1:30:30]} 40. Qb3 {[%clk 1:30:30]}
Qg7+ {[%clk 1:30:30]} 41. Kf1 {[%clk 1:30:30]} Qd4 {[%clk 1:30:30]} 42. a7 {[%clk
1:30:30]} Qxf4+ {[%clk 1:30:30]} 43. Qf3 {[%clk 1:30:30]} Qc1+ {[%clk 1:30:30]}
44. Kg2 {[%clk 1:30:30]} Qxb2+ {[%clk 1:30:30]} 45. Kh3 {[%clk 1:30:30]} Qd4
{[%clk 1:30:30]} 46. a8Q {[%clk 1:30:30]} Qh4+ {[%clk 1:30:30]} 47. Kg2 {[%clk
1:30:30]} Qg5+ {[%clk 1:30:30]} 48. Qg3 {[%clk 1:30:30]} Qd2+ {[%clk 1:30:30]}
49. Kh3 {[%clk 1:30:30]} f4 {[%clk 1:30:30]} 50. Qf3 {[%clk 1:30:30]} Qd4 {[%clk
1:30:30]} 51. Qe8 {[%clk 1:30:30]} Qe5 {[%clk 1:30:30]} 52. Qf7 {[%clk 1:30:30]}
Bf6 {[%clk 1:30:30]} 53. Be4 {[%clk 1:30:30]} Bg7 {[%clk 1:30:30]} 54. Q3xf4+
{[%clk 1:30:30]} 1-0

[Event "Campeonato España Sub 16"]
[Site "Salobreña"]
[Date "2017.07.27"]
[Round "6"]
[White "Torcal Miguel, Oscar"]
[Black "Villacorta Nicolas, David"]
[Result "1/2-1/2"]
[Board "12"]
[WhiteClock "1:29"]
[WhiteElo "2033"]
[WhiteCountry "ESP"]
[WhiteFideId "32025700"]
[BlackClock "1:30"]
[BlackElo "2019"]
[BlackCountry "ESP"]
[BlackFideId "22295135"]

1. e4 {[%clk 1:30:00]} e5 {[%clk 1:30:00]} 2. Nf3 {[%clk 1:30:00]} Nc6 {[%clk
1:30:00]} 3. Bc4 {[%clk 1:30:00]} Bc5 {[%clk 1:30:00]} 4. O-O {[%clk 1:29:00]}
Nf6 {[%clk 1:27:00]} 5. Re1 {[%clk 1:29:00]} O-O {[%clk 1:25:00]} 6. d3 {[%clk
1:27:00]} a6 {[%clk 1:24:00]} 7. a4 {[%clk 1:27:00]} Ba7 {[%clk 1:22:00]} 8. c3
{[%clk 1:24:00]} d6 {[%clk 1:13:00]} 9. Nbd2 {[%clk 1:21:00]} Ng4 {[%clk
1:12:00]} 10. Re2 {[%clk 1:20:00]} Kh8 {[%clk 1:12:00]} 11. h3 {[%clk 1:20:00]}
Nh6 {[%clk 1:13:00]} 12. Nf1 {[%clk 1:19:00]} f5 {[%clk 1:12:00]} 13. Bxh6 {[%clk
1:17:00]} gxh6 {[%clk 1:13:00]} 14. N1h2 {[%clk 1:06:00]} Qf6 {[%clk 1:06:00]}
15. Qd2 {[%clk 1:05:00]} Ne7 {[%clk 1:04:00]} 16. Bb3 {[%clk 1:00:00]} Ng6 {[%clk
1:01:00]} 17. Qxh6 {[%clk 0:56:00]} Nf4 {[%clk 1:00:00]} 18. Qxf6+ {[%clk
0:57:00]} Rxf6 {[%clk 1:01:00]} 19. Rd2 {[%clk 0:56:00]} Nxd3 {[%clk 0:56:00]}
20. exf5 {[%clk 0:38:00]} e4 {[%clk 0:46:00]} 21. Nd4 {[%clk 0:34:00]} Bxf5
{[%clk 0:44:00]} 22. Bc2 {[%clk 0:31:00]} Nxb2 {[%clk 0:32:00]} 23. Nxf5 {[%clk
0:28:00]} Nc4 {[%clk 0:28:00]} 24. Re2 {[%clk 0:21:00]} Rxf5 {[%clk 0:28:00]} 25.
Bxe4 {[%clk 0:21:00]} Re8 {[%clk 0:28:00]} 26. Nf3 {[%clk 0:21:00]} Ra5 {[%clk
0:21:00]} 27. Rae1 {[%clk 0:16:57]} c6 {[%clk 0:13:38]} 28. Bc2 {[%clk 0:15:52]}
Rxe2 {[%clk 0:13:38]} 29. Rxe2 {[%clk 0:16:17]} Ne5 {[%clk 0:13:44]} 30. Nxe5
{[%clk 0:15:52]} dxe5 {[%clk 0:13:48]} 31. Rd2 {[%clk 0:15:38]} Rd5 {[%clk
0:10:55]} 32. Rxd5 {[%clk 0:15:38]} 1/2-1/2